[Event "San Francisco TNM Fall op"]
[Site "San Francisco"]
[Date "2017.12.12"]
[Round "8"]
[White "Yanofsky, Kevin"]
[Black "Simpkins, Jerry"]
[Result "1-0"]
[WhiteElo "1864"]
[BlackElo "1548"]
[PlyCount "61"]
[EventDate "2017.10.24"]
[EventType "swiss"]
[EventRounds "9"]
[EventCountry "USA"]
[SourceTitle "EXT 2023"]
[Source "ChessBase"]
[SourceDate "2022.10.05"]
[SourceVersion "1"]
[SourceVersionDate "2022.10.05"]
[SourceQuality "1"]

1. e4 e5 2. Nf3 f5 3. Nxe5 Qe7 4. Qh5+ g6 5. Nxg6 Qxe4+ 6. Be2 Nf6 7. Qh3 hxg6 8. Qxh8 Qxg2 9. Rf1 Kf7 10. d3 Nc6 11. Qh4 d6 12. Qg3 Qd5 13. Rg1 Ne7 14. Bg5 Bg7 15. Nc3 Qa5 16. Kf1 Bd7 17. h4 Rh8 18. Re1 Qb6 19. Bf3 Bc6 20. Bxf6 Bxf6 21. Bd5+ Kf8 22. Rxe7 Kxe7 23. Qxg6 Rf8 24. Qxf5 Bxh4 25. Qe4+ Kd8 26. Qxh4+ Kc8 27. Bxc6 bxc6 28. Nd1 Qa5 29. a3 Qd2 30. Qg4+ Kd8 31. Qg5+ 1-0

[Event "San Francisco TNM Fall op"]
[Site "San Francisco"]
[Date "2017.11.28"]
[Round "6"]
[White "Poling, Scott"]
[Black "Simpkins, Jerry"]
[Result "1/2-1/2"]
[WhiteElo "1864"]
[BlackElo "1548"]
[PlyCount "41"]
[EventDate "2017.10.24"]
[EventType "swiss"]
[EventRounds "9"]
[EventCountry "USA"]
[SourceTitle "EXT 2023"]
[Source "ChessBase"]
[SourceDate "2022.10.05"]
[SourceVersion "1"]
[SourceVersionDate "2022.10.05"]
[SourceQuality "1"]

1. d4 d5 2. c4 e6 3. Nc3 f5 4. cxd5 exd5 5. Bf4 c6 6. e3 Nf6 7. Bd3 Bd6 8. Qc2 Bxf4 9. exf4 Ne4 10. Nf3 0-0 11. 0-0 Nd7 12. Rfe1 Rf6 13. Ne5 Nxe5 14. fxe5 Rh6 15. f3 Qh4 16. g3 Nxg3 17. hxg3 Qxg3+ 18. Qg2 Qf4 19. Qf2 Qg5+ 20. Kf1 Qf4 21. Kg1 1/2-1/2

[Event "San Francisco Grey Memorial"]
[Site "San Francisco"]
[Date "2017.09.05"]
[Round "5"]
[White "Simpkins, Jerry"]
[Black "Krasnov, Steven Lender"]
[Result "1-0"]
[WhiteElo "1553"]
[BlackElo "1972"]
[PlyCount "41"]
[EventDate "2017.08.08"]
[EventType "swiss"]
[EventRounds "9"]
[EventCountry "USA"]
[SourceTitle "EXT 2023"]
[Source "ChessBase"]
[SourceDate "2022.10.05"]
[SourceVersion "1"]
[SourceVersionDate "2022.10.05"]
[SourceQuality "1"]

1. e4 e6 2. f4 d5 3. e5 c5 4. d3 Nc6 5. c3 Nh6 6. Nf3 Be7 7. Na3 0-0 8. Nc2 d4 9. c4 Qc7 10. g3 f6 11. Qe2 Bd7 12. Bg2 fxe5 13. fxe5 Ng4 14. Bf4 g5 15. Nxg5 Ngxe5 16. Qh5 Bxg5 17. Qxg5+ Kh8 18. Bxc6 Rxf4 19. gxf4 Nxd3+ 20. Kd2 Bxc6 21. Qf6+ 1-0

[Event "San Francisco TNM Summer op"]
[Site "San Francisco"]
[Date "2017.07.18"]
[Round "8"]
[White "Simpkins, Jerry"]
[Black "Babayan, Gagik"]
[Result "0-1"]
[WhiteElo "1476"]
[BlackElo "1807"]
[PlyCount "78"]
[EventDate "2017.05.23"]
[EventType "swiss"]
[EventRounds "8"]
[EventCountry "USA"]
[SourceTitle "EXT 2023"]
[Source "ChessBase"]
[SourceDate "2022.10.05"]
[SourceVersion "1"]
[SourceVersionDate "2022.10.05"]
[SourceQuality "1"]

1. e4 c5 2. f4 d6 3. Nf3 Nf6 4. d3 Nc6 5. c3 Qc7 6. Na3 a6 7. Be2 g6 8. Nc4 b5 9. Ne3 Bg7 10. 0-0 e6 11. Ng5 h6 12. Nf3 Rb8 13. g4 c4 14. g5 Nh5 15. f5 Nf4 16. fxg6 fxg6 17. dxc4 0-0 18. Ng4 h5 19. Nh6+ Kh7 20. Nh4 e5 21. Bxf4 exf4 22. Bxh5 Ne5 23. Bg4 Bxh6 24. Bxc8 Bxg5 25. Bf5 Bxh4 26. Qh5+ Kg7 27. Qxh4 gxf5 28. Qg5+ Ng6 29. exf5 Qc5+ 30. Kh1 Rxf5 31. Qg4 Rh8 32. Rg1 Rf6 33. Rae1 Qc6+ 34. Rg2 Re8 35. Rf1 f3 36. Rgf2 bxc4 37. h4 Re4 38. Qg5 Rxh4+ 39. Kg1 Rff4 0-1

[Event "San Francisco TNM Summer op"]
[Site "San Francisco"]
[Date "2017.06.13"]
[Round "4"]
[White "Boldi, Ethan Vaughn"]
[Black "Simpkins, Jerry"]
[Result "1-0"]
[WhiteElo "1852"]
[BlackElo "1476"]
[PlyCount "63"]
[EventDate "2017.05.23"]
[EventType "swiss"]
[EventRounds "8"]
[EventCountry "USA"]
[SourceTitle "EXT 2023"]
[Source "ChessBase"]
[SourceDate "2022.10.05"]
[SourceVersion "1"]
[SourceVersionDate "2022.10.05"]
[SourceQuality "1"]

1. e4 e5 2. Nf3 f5 3. Bc4 fxe4 4. Nxe5 Qg5 5. Ng4 d5 6. Be2 Bxg4 7. Bxg4 Nf6 8. h3 Bc5 9. d4 Bb4+ 10. c3 Qg6 11. cxb4 Nc6 12. b5 Nb4 13. Be3 Nd3+ 14. Kf1 0-0 15. Nc3 Nxb2 16. Qb3 Nc4 17. Nxd5 Nxe3+ 18. Nxe3+ Kh8 19. Bf5 Qg5 20. h4 Qf4 21. Ke2 g6 22. Bh3 Nh5 23. Raf1 Qxh4 24. Bg4 Nf4+ 25. Kd2 Qd8 26. d5 Nd3 27. Qc3+ Rf6 28. Be6 h5 29. Ng4 Nc5 30. Nxf6 Nxe6 31. Nxh5+ Kg8 32. Nf6+ 1-0

[Event "San Francisco TNM Spring op"]
[Site "San Francisco"]
[Date "2017.05.02"]
[Round "8"]
[White "Simpkins, Jerry"]
[Black "Dupree, Charles"]
[Result "1-0"]
[WhiteElo "1513"]
[BlackElo "1636"]
[PlyCount "95"]
[EventDate "2017.03.14"]
[EventType "swiss"]
[EventRounds "8"]
[EventCountry "USA"]
[SourceTitle "EXT 2023"]
[Source "ChessBase"]
[SourceDate "2022.10.05"]
[SourceVersion "1"]
[SourceVersionDate "2022.10.05"]
[SourceQuality "1"]

1. e4 c5 2. f4 a6 3. e5 e6 4. d3 d5 5. c3 b5 6. Nf3 Nc6 7. Be2 Bb7 8. Na3 b4 9. Nc2 a5 10. 0-0 Nge7 11. Be3 Nf5 12. g4 Nxe3 13. Nxe3 d4 14. cxd4 Nxd4 15. Nc4 h5 16. g5 Be7 17. Nfd2 Nxe2+ 18. Qxe2 Qd4+ 19. Rf2 Rd8 20. Ne4 Bxe4 21. dxe4 a4 22. h4 a3 23. Rb1 axb2 24. Rxb2 Qd1+ 25. Kg2 Qxe2 26. Rfxe2 Rd4 27. Rbc2 0-0 28. Kf3 f6 29. exf6 gxf6 30. Ke3 Rfd8 31. gxf6 Bxf6 32. e5 Rd3+ 33. Kf2 Bxh4+ 34. Kf1 Rf3+ 35. Kg2 Rxf4 36. Nd6 Be7 37. Rxc5 Bxd6 38. exd6 Rxd6 39. Rxh5 Rd5 40. Rh6 e5 41. Re6 Rf5 42. Rb6 Rf4 43. Rb7 Kf8 44. Rc2 Ke8 45. Rc8+ Rd8 46. Rcc7 Rd2+ 47. Kg3 Rxa2 48. Rc8# 1-0

[Event "San Francisco TNM Fall op"]
[Site "San Francisco"]
[Date "2016.12.13"]
[Round "9"]
[White "Simpkins, Jerry"]
[Black "Tuck, Drew"]
[Result "0-1"]
[WhiteElo "1542"]
[BlackElo "1341"]
[PlyCount "90"]
[EventDate "2016.10.18"]
[EventType "swiss"]
[EventRounds "9"]
[EventCountry "USA"]
[SourceTitle "EXT 2018"]
[Source "ChessBase"]
[SourceDate "2017.10.13"]
[SourceVersion "1"]
[SourceVersionDate "2017.10.13"]
[SourceQuality "1"]

1. e4 e5 2. Nf3 Nc6 3. Bc4 Nf6 4. Ng5 d5 5. exd5 Na5 6. Bb5+ c6 7. dxc6 bxc6 8. Qf3 h6 9. Bxc6+ Nxc6 10. Qxc6+ Bd7 11. Nxf7 Bxc6 12. Nxd8 Rxd8 13. 0-0 Bc5 14. d3 0-0 15. Be3 Bd4 16. Nc3 e4 17. Bxd4 Rxd4 18. Ne2 Rb4 19. b3 exd3 20. cxd3 Bb5 21. Rfd1 Rd8 22. Nc1 Rbd4 23. h3 Bxd3 24. Nxd3 Rxd3 25. Rxd3 Rxd3 26. Kf1 Rd2 27. a4 Rb2 28. Ra3 Ne4 29. f3 Rxb3 30. Ra2 Nc3 31. Rc2 Ra3 32. a5 Nb5 33. Rc5 Rxa5 34. Kf2 Ra2+ 35. Kg3 Nd6 36. h4 a5 37. Rd5 Nc4 38. Kh3 a4 39. g4 a3 40. g5 hxg5 41. hxg5 Kf7 42. f4 Ra1 43. f5 a2 44. Rd7+ Ke8 45. f6 gxf6 0-1

[Event "San Francisco TNM Summer op"]
[Site "San Francisco"]
[Date "2016.06.07"]
[Round "3"]
[White "Simpkins, Jerry"]
[Black "Andries, Craig"]
[Result "0-1"]
[WhiteElo "1538"]
[BlackElo "1862"]
[PlyCount "90"]
[EventDate "2016.05.24"]
[EventType "swiss"]
[EventRounds "8"]
[EventCountry "USA"]
[SourceTitle "EXT 2018"]
[Source "ChessBase"]
[SourceDate "2017.10.13"]
[SourceVersion "1"]
[SourceVersionDate "2017.10.13"]
[SourceQuality "1"]

1. e4 d5 2. e5 e6 3. f4 c5 4. d3 Nc6 5. c3 Nge7 6. Na3 a6 7. Nc2 b6 8. Be2 Bb7 9. Nf3 Nf5 10. 0-0 d4 11. c4 Be7 12. g4 Nh6 13. h3 Qd7 14. Bd2 Ng8 15. a3 a5 16. a4 f6 17. Na3 Na7 18. Qb3 Qc6 19. Nb5 Nxb5 20. cxb5 Qd5 21. Qxd5 Bxd5 22. f5 exf5 23. gxf5 0-0-0 24. Bf4 g6 25. exf6 Bxf6 26. Ne5 gxf5 27. Bf3 Ne7 28. Bxd5 Nxd5 29. Nc6 Rde8 30. Bh6 Rhg8+ 31. Kh1 Rg6 32. Rxf5 Rxh6 33. Rxd5 Rxh3+ 34. Kg2 Rxd3 35. Rf1 Re2+ 36. Kh1 Rh3+ 37. Kg1 Rh6 38. Rd6 Rg6+ 39. Kh1 Re4 40. Rf2 Re1+ 41. Kh2 Be5+ 42. Nxe5 Rxd6 43. Rf8+ Rd8 44. Rxd8+ Kxd8 45. Nc4 d3 0-1

[Event "San Francisco TNM Summer op"]
[Site "San Francisco"]
[Date "2016.05.24"]
[Round "1"]
[White "Simpkins, Jerry"]
[Black "Viswanath, Ganesh"]
[Result "0-1"]
[WhiteElo "1538"]
[BlackElo "2082"]
[PlyCount "60"]
[EventDate "2016.05.24"]
[EventType "swiss"]
[EventRounds "8"]
[EventCountry "USA"]
[SourceTitle "EXT 2018"]
[Source "ChessBase"]
[SourceDate "2017.10.13"]
[SourceVersion "1"]
[SourceVersionDate "2017.10.13"]
[SourceQuality "1"]

1. e4 c5 2. f4 Nc6 3. Nf3 g6 4. c3 d5 5. e5 d4 6. d3 Bg7 7. c4 Nh6 8. Nbd2 0-0 9. Ne4 f6 10. Nxc5 Qa5+ 11. Bd2 Qxc5 12. Be2 fxe5 13. fxe5 Nxe5 14. 0-0 Bf5 15. b4 Nxf3+ 16. Bxf3 Qc7 17. Bd5+ e6 18. Bf4 Qe7 19. Re1 Ng4 20. c5 Ne3 21. Bxe3 dxe3 22. Bc4 Bxa1 23. Qxa1 Qf6 24. Qc1 Bxd3 25. Bxd3 Qf2+ 26. Kh1 Qd2 27. Bc4 Qxc1 28. Bxe6+ Kg7 29. Rxc1 e2 30. Bc4 Rae8 0-1

[Event "San Francisco Leighton Memorial"]
[Site "San Francisco"]
[Date "2015.08.25"]
[Round "4"]
[White "Chinguun, Bayaraa"]
[Black "Simpkins, Jerry"]
[Result "1-0"]
[WhiteElo "1893"]
[BlackElo "1611"]
[PlyCount "91"]
[EventDate "2015.08.04"]
[EventType "swiss"]
[EventRounds "9"]
[EventCountry "USA"]
[SourceTitle "EXT 2023"]
[Source "ChessBase"]
[SourceDate "2022.10.05"]
[SourceVersion "1"]
[SourceVersionDate "2022.10.05"]
[SourceQuality "1"]

1. d4 d5 2. c4 e6 3. Nc3 Nf6 4. Bg5 Be7 5. e3 c6 6. Nf3 0-0 7. Rc1 h6 8. Bh4 Ne4 9. Bxe7 Qxe7 10. Bd3 f5 11. Ne5 Qf6 12. cxd5 exd5 13. 0-0 Nd7 14. Nxd7 Bxd7 15. Qb3 Nd2 16. Qxb7 Nxf1 17. Rxf1 Qf7 18. Qa6 Rab8 19. b3 Qe7 20. Be2 Qb4 21. Qd3 Ra8 22. Na4 Qb5 23. Qd2 Qb8 24. Nc5 Qd6 25. Qa5 Be8 26. Ba6 Qe7 27. Bb7 Rb8 28. Qxa7 Bh5 29. Qa6 Be2 30. Qxe2 Rxb7 31. Nxb7 Qxb7 32. Rc1 f4 33. exf4 Rxf4 34. Qd3 Qb6 35. Rd1 Qa5 36. Qd2 Qc7 37. Re1 Qf7 38. f3 Qf6 39. Rd1 h5 40. Qe3 Kf8 41. a4 g5 42. a5 g4 43. fxg4 hxg4 44. a6 Re4 45. Qxe4 dxe4 46. Rf1 1-0

[Event "San Francisco TNM Summer op"]
[Site "San Francisco"]
[Date "2015.06.23"]
[Round "5"]
[White "Simpkins, Jerry"]
[Black "Nassif, Wassim J"]
[Result "1-0"]
[WhiteElo "1504"]
[BlackElo "1400"]
[PlyCount "49"]
[EventDate "2015.05.26"]
[EventType "swiss"]
[EventRounds "8"]
[EventCountry "USA"]
[SourceTitle "EXT 2016"]
[Source "ChessBase"]
[SourceDate "2015.10.08"]
[SourceVersion "1"]
[SourceVersionDate "2015.10.08"]
[SourceQuality "1"]

1. e4 e5 2. Nf3 Nc6 3. Bc4 Bc5 4. c3 Nf6 5. d4 exd4 6. e5 Ne4 7. cxd4 Bb4+ 8. Bd2 Bxd2+ 9. Nbxd2 Nxd2 10. Qxd2 0-0 11. 0-0 d6 12. Rad1 d5 13. Bd3 Be6 14. Ng5 g6 15. f4 Nxd4 16. Bxg6 fxg6 17. Qxd4 Qe7 18. Nxe6 Qxe6 19. Qxd5 Qxd5 20. Rxd5 Rad8 21. Rxd8 Rxd8 22. g3 Rd2 23. Rf2 Rxf2 24. Kxf2 Kf7 25. Ke3 1-0

[Event "San Francisco TNM Summer op"]
[Site "San Francisco"]
[Date "2015.06.16"]
[Round "4"]
[White "Lin, Aung Tun"]
[Black "Simpkins, Jerry"]
[Result "1-0"]
[WhiteElo "1743"]
[BlackElo "1504"]
[PlyCount "73"]
[EventDate "2015.05.26"]
[EventType "swiss"]
[EventRounds "8"]
[EventCountry "USA"]
[SourceTitle "EXT 2016"]
[Source "ChessBase"]
[SourceDate "2015.10.08"]
[SourceVersion "1"]
[SourceVersionDate "2015.10.08"]
[SourceQuality "1"]

1. Nf3 Nc6 2. b3 e5 3. Nc3 f5 4. e4 d6 5. Bb5 Nf6 6. Bxc6+ bxc6 7. d3 Be7 8. Nh4 fxe4 9. dxe4 0-0 10. Nf5 Bxf5 11. exf5 d5 12. a3 d4 13. Ne2 Ng4 14. Ng3 Nf6 15. Qd3 Qd5 16. f3 Bd6 17. Ne4 Rae8 18. 0-0 Qb5 19. Qd1 Bc5 20. Kh1 Nd5 21. a4 Qb6 22. Qd3 Nb4 23. Qc4+ Nd5 24. Nxc5 Rxf5 25. Bd2 Kh8 26. Rae1 Qb8 27. Re4 Nb6 28. Qd3 Qc8 29. Rfe1 Nd5 30. Qe2 Nc3 31. Bxc3 dxc3 32. Nd3 Qe6 33. Nxe5 Kg8 34. Nd3 Qd6 35. Rxe8+ Kf7 36. Re7+ Kf6 37. Re6+ 1-0